Manual de ortografa̕

Bibliographic Details
Main Author: Gavidia Anticona, Jb︢er A.
Format: eBook
Language:Spanish
Published: Bogot:̀ Ediciones de la U, 2016
Subjects:
Online Access:Acceso restringido

MARC

LEADER 00000nam a22000007a 4500
005 20210716231610.0
007 cr|||| ||||
008 210716s2016 co |||||s|||| 00||0 spa d
020 |a 978-958-762-522-6 
035 |a 33411 
040 |a vLex 
090 |c 11866  |d 11866 
100 1 |a Gavidia Anticona, Jb︢er A. 
245 1 0 |a Manual de ortografa̕  |h [Recurso electrn̤ico] /  |c Jb︢er A. Gavidia Anticona 
256 |a Servicio en ln̕ea 
260 |a Bogot:̀  |b Ediciones de la U,  |c 2016 
300 |a 1 recurso electrn̤ico 
500 |a La ortografa̕ es uno de los aspectos lingüisticos que se ha constituido en un objeto de mayor atensin̤, observacin̤ y crt̕ica: unos ms̀ y otros menos descubren faltas en artc̕ulos periods̕ticos, en documenos admistrativos o en trabajos publicitarios y se quejan pb︢licamente, de una forma apasionada y con dureza. Esto genera, en todo el mundo, temor de escribir y ? meter la pata?.Estas pg̀inas, en sus cuatro capt̕ulos, desarrollan temas bs̀icos de la ortografia espaǫla: el primero corresponde a la letra uso de grafias y mays︢culas; el segundo, a la sl̕aba; el tercero, a la ortografia acentual y el cuarto, a la puntuacin̤. 
506 1 |a Disponible solo en los productos indicados  |d vLex Global  |d vLex Global (Academic Edition, excluding Law Schools)  |d vLex Global (U.S. Academic Edition, Law Schools)  |d vLex Global (U.S. Academic Edition, excluding Law Schools)  |d vLex Global (Academic Edition, Law Schools) 
650 0 4 |a Educacin̤  |z Colombia 
740 0 |a vLex Libros (Servicio en ln̕ea) 
856 4 0 |u https://vlex.com/source/manual-de-ortografia-33411  |z Acceso restringido 
942 |c BOOK 
999 0 |a Education